| 000 | 01355nam a22003015a 4500 | ||
|---|---|---|---|
| 003 | OSt | ||
| 005 | 20180314110257.0 | ||
| 008 | 180314s1984 jo grb 000 0 ara d | ||
| 017 | _a1984 / 6 / 274 | ||
| 040 |
_aEG-ScBUE _bara _cEG-ScBUE |
||
| 041 | 1 |
_aara _hund |
|
| 043 | _aaw----- | ||
| 082 | 0 | 4 |
_a355.0335056 _bت و ا _222 |
| 110 | 2 |
_aجامعة تل أبيب. _bمركز الدراسات الاستراتيجية والدولية. |
|
| 245 | 0 | 2 |
_aالتوازن العسكري في الشرق الأوسط / _cإعداد مركز الدراسات الاستراتيجية والدولية بجامعة تل أبيب، مارك هيلر، دوف تماري، زئيف إيتان ؛ ترجمة نبيه الجزائري. |
| 250 | _aط. 1. | ||
| 260 |
_aعمان، الأردن : _bدار الجليل للنشر، _c1984. |
||
| 300 |
_a481 ص. : _bإيض. ؛ _c24 سم. |
||
| 504 | _aيشتمل على إرجاعات ببليوجرافية. | ||
| 650 | 7 |
_aالأسلحة والتسليح _zالشرق الأوسط. _2BUEsh |
|
| 650 | 7 |
_aالنزاع العربي الإسرائيلي. _zBUEsh |
|
| 651 | 7 |
_aالشرق الأوسط _xسياسة عسكرية. _2BUEsh |
|
| 700 | 1 | _aهيلر، مارك. | |
| 700 | 1 | _aتماري، دوف. | |
| 700 | 1 | _aإيتان، زئيف. | |
| 700 | 1 |
_aجزائري، نبيه، _eمترجم. |
|
| 942 | _2ddc | ||
| 999 |
_c26298 _d26270 |
||